Metateología o teología diacrítica como teología fundamental (Registro nro. 69637)
[ vista simple ]
| 000 -LÍDER | |
|---|---|
| Campo fijo de descripción fija | 01283nab a2200205 i 4500 |
| 001 - NÚMERO DE CONTROL | |
| Campo de control | 768714001 |
| 003 - IDENTIFICADOR DEL NÚMERO DE CONTROL | |
| Campo de control | CO-MdFUSB |
| 005 - FECHA Y HORA DE LA ULTIMA TRANSACCIÓN | |
| control field | 20240509165238.0 |
| 008 - ELEMENTOS DE LONGITUD FIJA -- INFORMACIÓN GENERAL | |
| Campo fijo de descripción fija -- Información general | 240509t1969 sp ||||| |||| 00| 0 spa d |
| 040 ## - FUENTE DE CATALOGACIÓN | |
| Idioma de catalogación | |
| Agencia que realiza la transcripción | CO-MdFUSB |
| Agencia que realiza la modificación | CO-MdFUSB |
| 100 ## - ASIENTO PRINCIPAL--NOMBRE PERSONAL | |
| Nombre personal | Panikkar, Raimundo, |
| Término relacionador | autor |
| 245 ## - TÍTULO | |
| Título | Metateología o teología diacrítica como teología fundamental |
| Mención de responsabilidad | / Raimundo Panikkar |
| 520 ## - NOTA DE RESUMEN, ETC. | |
| Nota de sumario, etc. | La teología fundamental no es una ciencia esotérica o una disciplina ad usum delphinis. Es el foro de una ecclesia universal, de todos aquellos para quienes atender al otro es un deber tan sagrado como la preocupación por la propia familia. Jamás seré capaz de amar a mi prójimo como a mí mismo si no lo conozco como a mí mismo. Esta sentencia, evidentemente, es válida en ambas direcciones. El lugar en que convenimos unos y otros es la base para una teología fundamental y también para el encuentro entre los hombres. |
| 650 #7 - ASIENTO SECUNDARIO DE MATERIA - TERMINO TEMÁTICO | |
| Término temático o nombre geográfico como elemento de entrada | Teología dogmática |
| 9 (RLIN) | 6937 |
| 650 #0 - ASIENTO SECUNDARIO DE MATERIA - TERMINO TEMÁTICO | |
| Término temático o nombre geográfico como elemento de entrada | Vida cristiana |
| 9 (RLIN) | 19 |
| 653 ## - TÉRMINO DE INDIZACIÓN - NO CONTROLADO | |
| Término no controlado | Teología diacrítica |
| 773 0# - ASIENTO DE ITEM FUENTE | |
| Biblionumber | 49450 |
| Itemnumber | 82609 |
| Otro identificador del ítem | R2536 |
| Título | Revista internacional de teología Concilium |
| Número de control del registro | (CO-MdFUSB)8 |
| Número Internacional Normalizado para Publicaciones Seriadas (ISSN) | 0210-1041 |
| Parte(s) relacionada(s) / Volumen., número. (mes año), páginas | Número 46, (junio, 1969), páginas: 370 - 383 |
| Enumeración y primera página | página: 370 |
| 942 ## - TIPO DE MATERIAL (KOHA) | |
| Tipo de Item KOHA | Artículos de Revista |
| 945 ## - INFORMACIÓN LOCAL DEL REGISTRO | |
| Catalogador | Catherine Arias Alvarez - Practicante SENA |
No hay ítems disponibles.
